Manual sobre elaboración y empleo de las especificaciones de la Fao para productos destinados a la protección de las plantas

Bibliographic Details
Format: Section = Libro
Language:Undetermined
Spanish
Published: Italia FAO 1988
Subjects:
LEADER 00492nam a2200157Ia 4500
008 240829s9999 xx 000 0 und d
040 |a BIBLIOTECA-RUPAP Ref 632.95 F111 
041 |a spa 
082 |a Ref 632.95 F111 
245 1 0 |a Manual sobre elaboración y empleo de las especificaciones de la Fao para productos destinados a la protección de las plantas 
260 |a Italia  |b FAO  |c 1988 
300 |a 98 p. :il. 
650 7 |a PLAGUICIDAS. I. Tít. 
942 |c BK  |2 ddc 
991 |a TEXTO 
999 |c 9312